000 01130njm a22002657a 4500
005 20100909122340.0
007 sd ammalaaahaa
008 100830t xxu||||| |||| 00| 0 hin d
028 _aN. 54901
_bHis Master's Voice
035 _aGR-01466
040 _aSED/VEN
100 _917458
_aBhosle, Asha
245 _aTu hi meri jindgi bhag 1 /
_h[Sound recording] :
_cby Asha Bhosle & Mohd. Rafi ; music Rono Deb Mukerji ; lyric Raja Ali Khan
246 _aतू ही मेरी जिन्दगी (आशा भोसले)
260 _aDum Dum, India
_bHis Master's Voice
_c1965
300 _a1 Sound disc [Gramophone Record] :
_banalog, 33 1/3 rpm
_c10 in (LP)
_fGramophone Records
500 _aBrief record
505 _aMere watan, Husn ki rani (मेरे वतन) (हुस्न की रानी) पार्ट. 2
650 _aClassical Music
_91186
_zIndia
_xExcerpts
700 _917459
_aMohd. Rafi
700 _918822
_aRono Deb Mukerji
700 _918873
_aRaja mahdi Ali Khan
942 _2ddc
_cGR
999 _c44733
_d44733